000
00299nam a22001337a 4500
020
_a
817826356-4
082
_a
823
_b
ROH/C
100
_a
ROHAN BOOK COMPANY
245
_a
CASABLANCA
260
_a
DELHI
_b
ROHAN BOOK COMPANY
_c
2003
300
_a
213
650
_a
MODERN ILLUSTRATED CLASSICS
942
_c
BK
999
_c
400
_d
400